000 00441nam a2200181Ia 4500
001 19642
005 20260306172708.0
008 260306t2009||||xx |||||||||||||| ||spa||
041 _aESP
082 _a340.72
_bP31
100 _aPavó Acosta, Rolando
_eAUT
245 0 _aLa investigación científica del derecho
260 _c2009
300 _a201 páginas :
_c24 cm.
650 _aGEN
654 _aCDE
942 _cLIB
_dJUS
_fJUS
_2ddc
_n
999 _c19642
_d19642